| 000 | 00416nam a2200157 4500 | ||
|---|---|---|---|
| 001 | 126101 | ||
| 003 | ES-MaACL | ||
| 005 | 20230906192744.0 | ||
| 007 | t| | ||
| 008 | 070214s1922 gw r ||||1| ger d | ||
| 100 | 1 |
_aReiner, Julius. _996047 |
|
| 245 | 1 | 0 |
_aHugo Grotius und das Weltschiedsgericht / _cvon Dr. Julius Reiner. |
| 260 |
_aBerlin : _bSimion, _c1922. |
||
| 300 | _a93 p. | ||
| 852 |
_aES-MaACL _j1636-F-7 |
||
| 999 |
_c126101 _d126101 |
||